<?xml version="1.0" encoding="UTF-8"?>
<record
    xmlns:xsi="http://www.w3.org/2001/XMLSchema-instance"
    xsi:schemaLocation="http://www.loc.gov/MARC21/slim http://www.loc.gov/standards/marcxml/schema/MARC21slim.xsd"
    xmlns="http://www.loc.gov/MARC21/slim">

  <leader>00709nam a22002057a 4500</leader>
  <controlfield tag="001">85464</controlfield>
  <controlfield tag="003">BD-RjUL</controlfield>
  <controlfield tag="005">20250807112331.0</controlfield>
  <controlfield tag="008">250807s1972    ii ||||| |||| 00| 0 urd d</controlfield>
  <datafield tag="035" ind1=" " ind2=" ">
    <subfield code="a">(BD-RjUL)</subfield>
  </datafield>
  <datafield tag="040" ind1=" " ind2=" ">
    <subfield code="a">BD-RjUL</subfield>
    <subfield code="b">eng</subfield>
    <subfield code="c">BD-RjUL</subfield>
  </datafield>
  <datafield tag="041" ind1=" " ind2=" ">
    <subfield code="a">urd</subfield>
  </datafield>
  <datafield tag="082" ind1=" " ind2=" ">
    <subfield code="2">23 </subfield>
    <subfield code="a">891.4393</subfield>
    <subfield code="b">HAQ 1972</subfield>
  </datafield>
  <datafield tag="100" ind1=" " ind2=" ">
    <subfield code="a">&#x62D;&#x6CC;&#x62F;&#x631;&#x649;&#x60C; &#x62D;&#x6CC;&#x62F;&#x631; &#x628;&#x62E;&#x634; ;;; &#x1E24;aidar&#x12B;,  &#x1E24;aidar Bak&#x332;h&#x332;sh </subfield>
    <subfield code="9">16502</subfield>
  </datafield>
  <datafield tag="245" ind1=" " ind2=" ">
    <subfield code="a">&#x622;&#x631;&#x627;&#x626;&#x634; &#x645;&#x62D;&#x641;&#x644;: &#x642;&#x635;&#x6C1; &#x62D;&#x627;&#x62A;&#x645; &#x637;&#x627;&#x626;&#x649; / &#x100;r&#x101;&#x2BC;ish-i ma&#x1E25;fil: qi&#x1E63;&#x1E63;ah-yi &#x1E24;&#x101;tim T&#x324;&#x101;&#x12B; /</subfield>
    <subfield code="c">&#x62D;&#x6CC;&#x62F;&#x631; &#x628;&#x62E;&#x634; &#x62D;&#x6CC;&#x62F;&#x631;&#x649;&#x60C; / &#x1E24;aidar Bak&#x332;h&#x332;sh &#x1E24;aidar&#x12B; ;</subfield>
  </datafield>
  <datafield tag="260" ind1=" " ind2=" ">
    <subfield code="a">Delhi :</subfield>
    <subfield code="b">Maktuba i jamiah ,</subfield>
    <subfield code="c">1972</subfield>
  </datafield>
  <datafield tag="300" ind1=" " ind2=" ">
    <subfield code="a">318 p. ;</subfield>
    <subfield code="c">17 cm</subfield>
  </datafield>
  <datafield tag="650" ind1=" " ind2=" ">
    <subfield code="a">Urdu fiction</subfield>
  </datafield>
  <datafield tag="942" ind1=" " ind2=" ">
    <subfield code="2">ddc</subfield>
    <subfield code="c">BK</subfield>
  </datafield>
  <datafield tag="999" ind1=" " ind2=" ">
    <subfield code="c">85464</subfield>
    <subfield code="d">85464</subfield>
  </datafield>
  <datafield tag="952" ind1=" " ind2=" ">
    <subfield code="0">0</subfield>
    <subfield code="1">0</subfield>
    <subfield code="2">ddc</subfield>
    <subfield code="4">0</subfield>
    <subfield code="7">1</subfield>
    <subfield code="8">NFIC</subfield>
    <subfield code="a">RUCL</subfield>
    <subfield code="b">RUCL</subfield>
    <subfield code="c">Reading</subfield>
    <subfield code="d">2025-08-07</subfield>
    <subfield code="o">U  891.47393 HAQ  1972</subfield>
    <subfield code="r">2025-08-07 00:00:00</subfield>
    <subfield code="t">C-1</subfield>
    <subfield code="y">BK</subfield>
  </datafield>
</record>
